| 000 | 00764nam a2200193 4500 | ||
|---|---|---|---|
| 999 |
_c193859 _d193859 |
||
| 005 | 20230106170847.0 | ||
| 010 | _aB-746740-751 E.N.A./7.11.22 | ||
| 020 |
_a9789326195386 _c395.00 |
||
| 035 | _aB-746740-751 | ||
| 037 | _bBSB | ||
| 082 | _a000 | ||
| 100 | _aSuraj Singh | ||
| 245 |
_aArihant Gate Mathematics: _bChapterwise Previous Year's solved Papers 2022-2022 / _cSuraj Singh |
||
| 260 |
_aNew Delhi _bArihant _c202? |
||
| 270 |
_aRamchhaya 4577/15, Agaral Road, Daryaganj, _bNew Delhi _e110002 |
||
| 300 |
_a246p. _c27cm(pbk) |
||
| 942 |
_2ddc _cEN _mSUR _h000 |
||